000 00293nam a22001337a 4500
008 190305b xxu||||| |||| 00| 0 eng d
020 _a0195097645
041 _aeng
080 _22nd
_a941
100 _a18
101 _aSHH
245 _aAmerican Legal History
_cHall,K.L
942 _2udc
_cBK
999 _c54499
_d54499